000 00929cad a22001935a 4500
001 L149769
008 100422e20100419xxk f s 000 0 eng d
035 _a(Sirsi) u149769
041 0 _aeng
110 2 _aCouncil of Mortgage Lenders
_95903
245 0 0 _aMarket commentary
_h[electronic resource]
490 _aCML Market Commentary
_vApril 2010
520 _aHousing and mortgage markets as at April 2010 remain quiet and subdued. Short term indicators point to little underlying change in early 2010 with seasonal increases in lending volume in March. Despite reported house prices continuing to flucturate, prices appear to be stabilising.
590 _aKA NTK
651 4 _aEngland and Wales
_y1543-
690 _aPROPERTY-RESIDENTIAL PROPERTY-RESIDENTIAL PROPERTY MARKET
856 4 0 _uhttps://live.cml.netxtra.net/cml/publications/marketcommentary/209
_zView the commentary free of charge at www.cml.org.uk
942 _n0
999 _c82275
_d82275